<?xml version="1.0" encoding="UTF-8"?>
<record
    xmlns:xsi="http://www.w3.org/2001/XMLSchema-instance"
    xsi:schemaLocation="http://www.loc.gov/MARC21/slim http://www.loc.gov/standards/marcxml/schema/MARC21slim.xsd"
    xmlns="http://www.loc.gov/MARC21/slim">

  <leader>00489nam a22001457a 4500</leader>
  <controlfield tag="005">20250730095317.0</controlfield>
  <controlfield tag="008">250730b        |||||||| |||| 00| 0 eng d</controlfield>
  <datafield tag="050" ind1=" " ind2=" ">
    <subfield code="a">THE HD 38.5 .N93 2016</subfield>
    <subfield code="b">C. 1</subfield>
  </datafield>
  <datafield tag="100" ind1=" " ind2=" ">
    <subfield code="a">NYAGAKA, EUVONNE NYABOKE</subfield>
  </datafield>
  <datafield tag="245" ind1=" " ind2=" ">
    <subfield code="a">INFLUENCE OF TECHNOLOGY ON MODERN PROCUREMENT IN THE ORGANIZATIONAL PERFORMANCE</subfield>
    <subfield code="b">A CASE STUDY OF GUSII WATER AND SEWARAGE COMPANY</subfield>
  </datafield>
  <datafield tag="260" ind1=" " ind2=" ">
    <subfield code="a">KISII</subfield>
    <subfield code="b">KSU</subfield>
    <subfield code="c">2016</subfield>
  </datafield>
  <datafield tag="300" ind1=" " ind2=" ">
    <subfield code="a">X, 37P., ILL:</subfield>
  </datafield>
  <datafield tag="500" ind1=" " ind2=" ">
    <subfield code="a">INCLUDES INDEX</subfield>
  </datafield>
  <datafield tag="942" ind1=" " ind2=" ">
    <subfield code="2">lcc</subfield>
    <subfield code="c">REF</subfield>
  </datafield>
  <datafield tag="999" ind1=" " ind2=" ">
    <subfield code="c">215976</subfield>
    <subfield code="d">215976</subfield>
  </datafield>
  <datafield tag="952" ind1=" " ind2=" ">
    <subfield code="0">0</subfield>
    <subfield code="1">0</subfield>
    <subfield code="2">lcc</subfield>
    <subfield code="4">0</subfield>
    <subfield code="6">THE H D  00038.00005 .N00093 02016</subfield>
    <subfield code="7">1</subfield>
    <subfield code="8">SC</subfield>
    <subfield code="9">372736</subfield>
    <subfield code="a">KSUL</subfield>
    <subfield code="b">KSUL</subfield>
    <subfield code="d">2025-07-30</subfield>
    <subfield code="i">84710</subfield>
    <subfield code="l">0</subfield>
    <subfield code="o">THE HD 38.5 .N93 2016</subfield>
    <subfield code="p">000000020973</subfield>
    <subfield code="r">2025-07-30 10:18:59</subfield>
    <subfield code="t">C.1</subfield>
    <subfield code="w">2025-07-30</subfield>
    <subfield code="y">REF</subfield>
  </datafield>
</record>
